000 00797nam a2200277Ia 4500
003 OSt
005 20220925230508.0
006 a|||||r|||| 00| 0
007 ta
008 220923b |||||||| |||| 00| 0 eng d
037 _cGeneral Book
040 _aRTL
_cRTL
_beng
041 _2eng
_aeng
082 _aY744.688.N6, K8
100 _aMorris H S
_911232
245 0 _aIndians in Uganda
_b Caste and sect in a plural soci
260 _aLondon
_bWeidenfeld and Nicolson
_c1968
300 _aix 230p
_ccm.
490 _aNature of Human Society Series
500 _aBibliography: P 217-22
650 _a Ethnic Group
650 _a Sikhs
_9233320
650 _aIndians
_9230751
942 _hY744.688.N6, K8
_cGB
_2CC
999 _c585719
_d585719